000 00541nmm a2200157Ia 4500
008 251105s9999||||xx |||||||||||||||||und||
020 _a9789587382808
041 _aspa
100 _aMolano Aponte, Diego Andres (ed.)
245 0 _aLa coordinación inter-agencial como generadora de valor público y transformación social
264 _a[Bogotá, Colombia] :
_bUniversidad del Rosario,
_c2012
300 _a301 páginas
650 _aPolitical Science (General)
856 _uhttps://public.digitaliapublishing.com/a/60928
942 _cCF
999 _c95732
_d95732